| 000 | 00994nas a2200313 4500 | ||
|---|---|---|---|
| 001 | BR8600530 | ||
| 003 | BR-BrBNA | ||
| 005 | 20231205090329.0 | ||
| 007 | ta | ||
| 008 | 230509b bl.|||p| |||| 00| 00por d | ||
| 040 |
_aBR-BrBNA _bpor _cBiblioteca Nacional de Agricultura |
||
| 041 | _a(Pt) | ||
| 072 | _aF61 | ||
| 100 | 1 | _aVale, F.R. do | |
| 100 | 1 | _aNovais, R.F. de | |
| 100 | 1 | _aBarros, N.F. de | |
| 100 | 1 | _aSant'Ana, R. | |
| 245 | 1 | _aEfeito do aluminio sobre a cinetica de absorcao de amonio e nitrato em raizes intactas de Eucalyptus alba | |
| 246 | 1 | _aThe effect of aluminum on the absorption kinetics of ammonium and nitrate in intact roots of Eucalyptus alba | |
| 650 | _aEUCALIPTO | ||
| 650 | _aALUMINIO | ||
| 650 | _aABSORCAO | ||
| 650 | _aAMONIA | ||
| 650 | _aNITRATO | ||
| 650 | _aRAIZ | ||
| 773 | 0 |
_tRevista Arvore (Brazil) _xISSN 0100-6762 _g(Jul-Dec 1984), v. 8(2) p. 123-132 _wBR8600530 |
|
| 909 |
_a202311 _bLúcia _c55 _dLúcia Elande |
||
| 942 |
_2AGRIS _n0 _cANA |
||
| 999 |
_c117667 _d117667 |
||